000 00708nam a2200241Ia 4500
003 OSt
005 20221005025049.0
006 a|||||r|||| 00| 0
007 ta
008 221004b |||||||| |||| 00| 0 hin d
024 _a26185
037 _cTextual
040 _aCRL
_cCRL
_bhin
041 _2hin
_ahin
082 _aO152,1MMI,1, N0
100 _aMishra Gopaldas
_9581391
245 0 _aRam Pratap
_b Ram-katha Ed by Indrajit Pandey and Vidhyadhar Mishra
260 _aCalcutta
_bBadabazar Kumarsabha Pustkalya India
_c1990
300 _a612p.
_ccm.
650 _aHINDI LITERATURE
_923866
942 _hO152,1MMI,1, N0
_cTEXL
_2cc
999 _c934040
_d934040